[Event "Presidents Cup "]
[Site "Elista"]
[Date "1998.05.15"]
[Round "3.3"]
[White "Salov, Valery"]
[Black "Dreev, Alexey"]
[Result "0-1"]
[WhiteElo "2680"]
[BlackElo "2630"]
[Annotator "Horn,Pe"]
[PlyCount "66"]
[EventDate "1998.05.07"]
[EventType "k.o."]
[EventRounds "6"]
[EventCountry "RUS"]
[SourceTitle "CBM 065"]
[Source "ChessBase"]
[SourceDate "1998.08.06"]
[SourceVersion "1"]
[SourceVersionDate "1998.08.06"]
[SourceQuality "1"]

1. Nf3 d5 2. g3 Bg4 3. Bg2 Nd7 4. c4 e6 5. Qb3 Nc5 6. Qc2 Nf6 7. d4 Bf5 8. Qd1
Ncd7 {Wir sind jetzt fast in einer ganz normalen Stellung aus D11 angelangt;
es fehlt nur noch Pc7-c6. Auf dem Wege hierher haben beide Partien gleichviel 
(=3) Tempi verschenkt (Qd1-b3-c2-d1 und Nd7-c5-d7/Bc8-g4-f5).} 9. Qb3 {Weiß
möchte ausnutzen, daß Schwarz noch nicht Pc6 gespielt hat: mit diesem Zug
könnte Qb6 geschehen, was zu einer häufig gespielten Position führen würde.} (
9. O-O c6 10. Qb3 Qb6) 9... Qc8 {Dagegen landet die schwarze Q jetzt in einer
etwas passiveren Situation.} 10. Nc3 c6 {->D11} 11. Bf4 $146 {Das ist das
natürliche Feld für den B. Große Vorzüge gegenüber dem normalen 0-0 sehe ich
nicht.} (11. O-O h6 (11... Bd6 12. Nd2 {Mit dem Bd6 gewinnt dieser Plan ein
Tempo.} (12. Rd1 $2 dxc4 13. Qxc4 Bc2 $19 {[%csl Rc4][%cal Rd7b6]
Gereben-Ragozin/Budapest-Moskau/1949}) 12... O-O 13. e4 dxe4 14. Ndxe4 Bc7 15.
Re1 Nxe4 16. Nxe4 e5 17. dxe5 (17. Be3 $14) 17... Nxe5 18. Bf4 Re8 19. Nc5 Rb8
20. Qc3 $36 {De Fotis-McCambridge/Chicago op/1986 Weiß liegt leicht in Führung,
aber Schwarz hat gute Chancen, das Spiel auszugleichen.}) 12. Bf4 (12. Re1 Be7
13. Nd2 O-O 14. e4 dxe4 15. Ndxe4 Rd8 16. Nxf6+ Nxf6 17. d5 Bc5 18. Be3 Bxe3
19. Rxe3 $14 {Banusic-Arbanas/CRO-chT2/1996 Nach der Öffnung wird Weiß etwas
mehr Raum beherrschen; das Spiel tendiert m.E. zum Remis.}) 12... Be7 (12... g5
$6 13. Be5 Nxe5 14. Nxe5 Qc7 15. cxd5 Nxd5 (15... exd5) 16. e4 Nxc3 17. bxc3
Bh7 18. Rab1 O-O-O 19. Qa4 $16 {Carlier-Villeneuve/Cannes Martinez op/1996})
13. Rac1 O-O 14. Nd2 (14. Ne5 Nb6 15. Rfd1 Rd8 16. a4 g5 17. Be3 Ng4 $132 {
Schneider-Gawehns/BL2-W/1991}) (14. Nh4 $6 {Das macht keinen Sinn.} Bh7 15. Nf3
$11 {Rechi Perez-Gajadin/Thessaloniki olm/1984}) (14. Rfe1 dxc4 15. Qxc4 Nb6
16. Qb3 Nbd5 17. e4 Nxf4 18. gxf4 Bh7 19. Ne5 Qc7 20. d5 $36 {Kestler-Eisinger/
FRG-ch/1972}) 14... g5 15. Be5 dxc4 (15... Ng4 16. cxd5 Ngxe5 17. dxe5) 16.
Nxc4 Ne8 17. e4 Bh7 18. d5 (18. f4 $5 Nxe5 (18... f6 19. Nd6 $18) 19. Nxe5 $16)
18... Nxe5 19. Nxe5 Qc7 20. Ng4 h5 21. Ne3 $14 {Vadasz-Farago/HUN-ch/1968})
11... Nb6 12. Ne5 (12. c5 {Diesen Zug wollte Dreev mit 11...Nb6 provozieren.
Salov verspricht sich offensichtlich auch nichts davon.}) (12. Nd2 {[%cal
Ye2e4] Diese Methode gefällt mir etwas besser.} h6 $140 13. e4) 12... Ng4 $1
13. cxd5 {Weiß hat wenig Wahl, da nach Beseitigung des Ne5 dxc4 mit Tempo
erfolgen kann.} exd5 {Befreit die Qc8.} 14. Rc1 {[%cal Rc3d5]} (14. Nxg4 Bxg4
15. h3 Bf5) 14... Nxe5 15. Bxe5 Bh3 {Beseitigt die Drohungen gegen d5 auf
aktive Weise.} 16. O-O (16. Bxh3 Qxh3 17. Bc7 Qg2 18. Rf1 Qxh2 19. Bxb6 axb6
20. Qxb6 Qh6 $1 $15 {[%cal Ya8b8] Die schwarze Stellung gefällt mir jetzt
besser, da er gute Aussichten hat, zu rochieren, was ihm der Weiße sicher
nicht nachmachen kann.}) 16... Bxg2 17. Kxg2 f6 18. Bf4 g5 {Hier stockte mir
ein wenig der Atem: Schwarz hat nur den Nb6 von der Grundreihe entfernt, der
Ke8 steht noch in der Mitte, und trotzdem legt er mit einem Rochadeangriff los.
Man muß allerdings sehen, daß der Zug den aktiven Bf4 mit Tempo in eine
passive Situation zwingt, und die anderen weißen Figuren erwecken auch nicht
den stärksten Eindruck. Wegen der geschwächten weißen Felder kann der
Rochadeangriff schnell an Fahrt gewinnen.} 19. Bd2 Qd7 {[%cal Ye8c8]} 20. a4 $2
{Damit wollte Weiß sicher einen weiteren Vormarsch ermöglichen; da er später
von dieser Absicht Abstand nimmt, sollte er die Zeit anderweitig nutzen.} (20.
e4 {Das sieht logisch aus: ein Gegenschlag im Zentrum gegen den angedeuteten
Rochadeangriff.} dxe4 (20... Be7) 21. Nxe4 {Mit} Qd5 $1 {kommt Schwarz
allerdings zu einem günstigen Endspiel.} (21... Qxd4 $2 22. Nxf6+ Qxf6 23. Bc3
$18) 22. Rfe1 O-O-O 23. Qxd5 Nxd5 $15) (20. f3 {Gefällt mir noch am besten.} h5
(20... O-O-O 21. e4) 21. e4 dxe4 (21... h4) 22. Nxe4) 20... h5 {[%cal Yh5h4]}
21. f3 (21. a5 Nc4 22. Qc2 h4 23. Qg6+ Qf7 24. Qxf7+ Kxf7 25. Rc2 h3+ $17 {
[%cal Yc4a5]}) 21... O-O-O 22. Qc2 Nc4 23. Rcd1 {[%cal Yd2c1]} (23. a5 Bb4 (
23... a6 $2 24. Nxd5) 24. a6 b6 $17) 23... Nxd2 24. Rxd2 Bb4 25. e4 {
Verständlicherweise nimmt Weiß die Chance wahr, die Stellung im Zentrum zu
öffnen. Durch den entstehenden Kontakt der Schwerfiguren Qc2, Rd2 mit dem
Königsflügel erhöhen sich die Verteidigungschancen.} (25. Rdd1 f5 $17) 25... h4
26. g4 (26. gxh4 Bxc3 27. bxc3 (27. Qxc3 Rxh4 28. Kh1 g4 $19) 27... Rxh4 $17) (
26. exd5 hxg3 $19) 26... dxe4 27. Qxe4 h3+ 28. Kg1 Rhe8 29. Qg6 (29. Qd3) 29...
Qd6 30. Qh7 $2 {Weiß möchte den Ph3 verhaften; Schwarz ist aber schneller im
Zentrum.} (30. Qf5+ Kb8 (30... Qe6 31. Qxe6+ Rxe6 $17) 31. Rd3 Re6 $17 (31...
Bxc3 $2 32. bxc3 Re2 33. f4 $13)) 30... Qf4 $19 31. Rd3 (31. Qf5+ Qxf5 32. gxf5
Re3 $19) 31... Rxd4 32. Rxd4 Qe3+ 33. Kh1 (33. Rf2 Qxd4 34. Qxh3 Bc5 $19) 33...
Qxf3+ 0-1

[Event "Solin 7th"]
[Site "Solin"]
[Date "1999.12.14"]
[Round "2"]
[White "Dizdarevic, Emir"]
[Black "Kovacevic, Vlatko"]
[Result "1-0"]
[WhiteElo "2527"]
[BlackElo "2492"]
[Annotator "Horn,Pe"]
[PlyCount "123"]
[EventDate "1999.12.10"]
[EventType "tourn"]
[EventRounds "9"]
[EventCountry "CRO"]
[EventCategory "13"]
[SourceTitle "CBM 075"]
[Source "ChessBase"]
[SourceDate "2000.04.05"]
[SourceVersion "1"]
[SourceVersionDate "2000.04.05"]
[SourceQuality "1"]

1. Nf3 d5 2. g3 c6 3. Bg2 Bg4 4. Ne5 Be6 {Ein ungewöhnlicher Zug; Schwarz
schränkt sich ohne Zwang ein.} ({Es sprach nichts gegen die normalen
Alternativen} 4... Bf5) (4... Bh5) 5. d4 Nd7 6. Nd2 (6. Nd3 Bf5 7. O-O e6 8. c3
Bd6 9. Bf4 Bxf4 10. Nxf4 Ngf6 (10... e5 $5) 11. Nd2 g5 (11... e5 $5) 12. Nd3
Bxd3 13. exd3 g4 14. f4 Qc7 15. Qe2 O-O-O 16. Rfe1 h5 17. Nf1 h4 $13 {Grujic,
Z-Vlatkovic,S/Tivat/1995}) 6... Ngf6 (6... Nxe5 7. dxe5 g6 {[%cal Yf8g7] kam
in Betracht.}) 7. O-O g6 8. Ndf3 {[%cal Yf3g5]} h6 $6 {Nicht unbedingt
notwendig:} (8... Bg7 9. Ng5 Nxe5 10. Nxe6 fxe6 11. dxe5 Ng4 $132 {z.B.} 12.
Bh3 Nxe5 13. Bxe6 Qd6 {und trotz des weißen Läuferpaars hat Schwarz wenig
Sorgen.}) 9. Be3 Bg7 10. Qc1 $14 {[%cal Yc2c4] Verhindert die schwarze Rochade.
} Ng4 11. Nxg4 Bxg4 12. c4 Nf6 13. b3 Bxf3 (13... Qc8 $5) 14. exf3 h5 {
Bereitet die Rochade vor.} 15. h4 O-O 16. Qc2 Ne8 17. Rad1 e6 18. Rfe1 Nd6 19.
Bh3 $14 {Weiß hat Raumvorteil und er steht aktiver.} Re8 20. Bf4 a5 21. a4 Qd7
22. c5 $1 Nf5 23. Qc3 Qd8 24. Bxf5 gxf5 {Schwächt den Königsflügel,} ({aber
nach} 24... exf5 25. Rxe8+ Qxe8 26. Re1 $16 {beherrscht Weiß die einzige
offene Linie.}) 25. Be5 f6 $2 ({Besser gefällt mir} 25... Bxe5 {, aber die
schwarze Stellung bleibt nach} 26. Rxe5 ({oder} 26. dxe5) 26... Kh7 {gefährdet.
}) 26. Bd6 $16 Kf7 27. f4 b6 28. Qf3 Kg6 29. Re3 bxc5 30. Bxc5 e5 31. fxe5 fxe5
32. dxe5 Rxe5 33. Rxe5 Bxe5 34. Re1 Qf6 35. Qd3 Rg8 36. Kf1 Kh7 $6 {Es gab
kaum noch eine Rettung.} (36... Rb8 37. Re3 $18 {[%cal Rd3e2]}) 37. f4 $2 (37.
Be7 $18 {hätte die Partie sofort beendet.}) 37... Bc3 38. Re3 (38. Be7 $142 Qg7
39. Re6 $18) 38... Ba1 (38... Bb4 39. Bxb4 axb4 40. Qe2 Qg6 41. Re7+ Rg7 42.
Rxg7+ Kxg7 43. Qe7+ $18) 39. Re7+ $6 (39. Qe2 {war genauer.}) 39... Rg7 40. Re3
Qg6 41. Qe2 d4 (41... Qg4 42. Qxg4 fxg4 43. Bb6 $18) 42. Rd3 Rd7 (42... Qg4 43.
Qxg4 hxg4 44. Bb6 Bc3 45. Bxd4 Bxd4 46. Rxd4 Rb7 47. Rd3 $16) 43. Qd1 Bb2 44.
Qd2 Qe6 $2 ({Mehr Widerstand leistet} 44... Ba1) 45. Qxb2 Qd5 46. Qe2 $2 ({
Weiß konnte die Figur nehmen, es ist kein Dauerschach zu sehen:} 46. Qc2 Qh1+
47. Ke2 Qg2+ 48. Kd1 $18 {[%cal Yd1d2,Yd2c1,Yc1b2] und der König entkommt zum
Damenflügel.}) 46... Qxc5 47. Qxh5+ Kg7 48. Qg5+ Kf7 49. Qh5+ Kg7 50. Qf3 Re7
$1 {Nun ist die Lage nicht mehr so klar.} 51. g4 Qc1+ 52. Rd1 (52. Kg2 Re4 (
52... Re1 53. gxf5 $16) 53. gxf5 Rxf4 54. Qe2 Kf8 $132) 52... Qe3 (52... Re3
53. Rxc1 Rxf3+ 54. Ke2 fxg4 55. Rxc6 Rxb3 $14) 53. Kg2 (53. Qxe3 Rxe3 54. Rxd4
fxg4 $14) 53... Qxf3+ (53... fxg4) 54. Kxf3 Re3+ 55. Kf2 c5 (55... fxg4 56.
Rxd4 Rxb3 $11) 56. g5 Kg6 57. Rg1 Rxb3 (57... Re4 58. h5+ Kxh5 59. g6 Rxf4+ 60.
Ke2 Re4+ 61. Kd3 Re8 62. g7 Rg8 63. Rc1 Rxg7 64. Rxc5 Rg3+ $11) 58. h5+ Kxh5
59. g6 Kh6 $4 (59... Rb8 60. g7 Rg8 61. Rg5+ Kh6 (61... Kh4) 62. Rxf5 c4 (62...
Kxg7 63. Rxc5 Kf6 64. Rxa5) 63. Rxa5 Rxg7 $11) 60. g7 Rb2+ 61. Kf3 Rb3+ 62. Ke2
1-0

[Event "Sao Paulo zt"]
[Site "Sao Paulo"]
[Date "1993.??.??"]
[Round "6"]
[White "Soppe, Guillermo"]
[Black "Valiente, Cristobal"]
[Result "0-1"]
[WhiteElo "2460"]
[BlackElo "2340"]
[Annotator "Horn,Pe"]
[PlyCount "78"]
[EventDate "1993.??.??"]
[EventType "swiss"]
[EventRounds "9"]
[EventCountry "BRA"]
[SourceTitle "CBM 036"]
[Source "ChessBase"]
[SourceDate "1993.10.01"]
[SourceVersion "1"]
[SourceVersionDate "1993.10.01"]
[SourceQuality "1"]

1. Nf3 d5 2. g3 Nf6 3. Bg2 c6 4. O-O Bg4 5. d3 e6 6. Nbd2 Be7 7. h3 Bh5 8. e3
O-O (8... Nbd7 9. g4 Bg6 10. Nh4 O-O 11. f4 Ne8 12. Nxg6 fxg6 $6 (12... hxg6
13. Nf3 $14) 13. Nf3 $16 {Kir.Georgiev-Hübner/Wijk/1988}) 9. g4 Bg6 10. Nh4
Nfd7 $5 (10... Nbd7 {->Georgiev-Hübner}) 11. Nxg6 hxg6 12. f4 e5 13. fxe5 (13.
f5 gxf5 14. gxf5 $13) 13... Nxe5 14. d4 $1 Ned7 15. c3 {/\ e4} Na6 (15... f5 $2
16. gxf5 gxf5 17. Qh5 $18) 16. e4 dxe4 17. Nxe4 Nf6 18. Nxf6+ Bxf6 19. Qb3 Qb6
20. g5 (20. Bf4 $14) 20... Bd8 21. Qc4 Nc7 22. a4 a5 23. h4 Nd5 24. Bxd5 cxd5
25. Qxd5 Bc7 26. Qg2 (26. Qf3 $5) 26... Rae8 27. Bf4 Re7 28. Bxc7 Qxc7 29. Rae1
Rfe8 30. Rxe7 Rxe7 31. Qf3 Qd7 $44 32. Ra1 $6 (32. b3 Qe8 33. Kg2 Re3 34. Qxb7
Qe6 $19) 32... Qe8 33. Kf2 b5 34. Rh1 $2 (34. axb5 Qxb5 35. Rb1) 34... bxa4 35.
h5 $2 (35. Rd1 $2 Re4 36. Rd2 Rxh4 $19) (35. Qd3 Re4 36. Rh3 Rf4+ 37. Kg2 Qe1
38. Qe3) 35... Qb5 $19 (35... gxh5 36. Qxh5) 36. hxg6 fxg6 37. Rh4 Rf7 38. Rf4
Qxb2+ 39. Kg3 (39. Kg1 Qc1+ $19) 39... Qb8 0-1

[Event "Bahrain"]
[Site "Bahrain"]
[Date "1990.??.??"]
[Round "9"]
[White "Nikolac, Juraj"]
[Black "Flear, Glenn C"]
[Result "1/2-1/2"]
[WhiteElo "2485"]
[BlackElo "2470"]
[Annotator "Horn,Pe"]
[PlyCount "68"]
[EventDate "1990.??.??"]
[EventType "tourn"]
[EventRounds "11"]
[EventCountry "BAH"]
[EventCategory "7"]
[SourceTitle "CBM 020"]
[Source "ChessBase"]
[SourceDate "1991.02.01"]
[SourceVersion "1"]
[SourceVersionDate "1991.02.01"]
[SourceQuality "1"]

1. Nf3 d5 2. g3 c6 3. Bg2 Bg4 4. d3 Nd7 5. Nbd2 (5. h3 Bh5 6. g4 Bg6 7. Nh4 e5
8. Nxg6 hxg6 9. e3 Bd6 {Anastasian-Hodgson, Erevan 1988}) 5... e5 6. O-O Bd6 7.
e4 Ne7 (7... dxe4 $6 8. dxe4 $14) 8. h3 (8. Re1 O-O 9. c3 f5 10. h3 fxe4 11.
dxe4 Bh5 {Nikolic-Barbero, Belgrad GMA op 1988}) 8... Bh5 9. Qe2 (9. Re1 $5)
9... f6 10. d4 O-O 11. g4 Bf7 12. exd5 Nxd5 13. Nc4 Bc7 14. dxe5 Re8 $10 15.
Qd3 Nxe5 16. Ncxe5 Bxe5 17. Nxe5 Rxe5 18. c4 Nc7 19. Qc3 Re7 20. Be3 Rd7 21. b3
Ne6 22. Rfe1 Qc7 23. Rad1 Rad8 24. Rxd7 Rxd7 25. Bf1 c5 26. Bg2 Nf4 27. Bxf4
Qxf4 28. Qf3 Qxf3 29. Bxf3 Kf8 30. Re2 g5 31. Be4 Bg6 32. Bd5 Bf7 33. Be4 Bg6
34. Bd5 Bf7 1/2-1/2

[Event "Olympiad-34"]
[Site "Istanbul"]
[Date "2000.10.29"]
[Round "2.3"]
[White "Kacheishvili, Giorgi"]
[Black "Zugic, Igor"]
[Result "0-1"]
[WhiteElo "2564"]
[BlackElo "2399"]
[Annotator "Horn,Pe"]
[PlyCount "122"]
[EventDate "2000.10.28"]
[EventType "team-swiss"]
[EventRounds "14"]
[EventCountry "TUR"]
[SourceTitle "EXT 2001"]
[Source "ChessBase"]
[SourceDate "2000.11.22"]
[SourceVersion "1"]
[SourceVersionDate "2000.11.22"]
[SourceQuality "1"]
[WhiteTeam "Georgia"]
[BlackTeam "Canada"]
[WhiteTeamCountry "GEO"]
[BlackTeamCountry "CAN"]

1. Nf3 Nf6 2. g3 d5 3. Bg2 c6 4. O-O Bf5 5. d3 e6 6. Nbd2 h6 7. b3 Be7 8. Bb2
O-O 9. Ne5 a5 10. e4 Bh7 11. a3 Nbd7 12. Nxd7 Nxd7 13. Qe2 Re8 14. Kh1 (14.
Rfe1 Bf6 15. d4 Qb6 16. e5 Be7 17. c4 dxc4 18. Qxc4 Red8 $132 {Mascarinas,
R-Villamayor,B/Vung Tau 2000}) 14... Nf8 $146 {Normalerweise ist der Aufbau
mit Bh7 mit Expansionsplänen am Damenflügel verbunden. Hier verfolgt Schwarz
aber weit weniger agressive Ziele: er baut eine Auffangstellung auf. Dieser
Plan paßt aber besser zu Bg4 (statt Bf5).} ({Aktiver ist} 14... a4 15. b4 b5
16. f4 (16. c4) 16... c5 17. bxc5 Bxc5 18. exd5 exd5 19. Qh5 Nb6 20. Nf3 Rc8
$132 {Dizdar,G-Sveshnikov,E/Sarajevo 1983}) 15. f4 f6 16. Nf3 Bg6 17. Qe3 Bf7
18. g4 $14 c5 19. a4 d4 {Gibt auf lange Sicht die Option c5-c4 auf und stärkt
den weißen Bauernvormarsch am Königsflügel. Dafür wird der Bb2 eingeschränkt.}
20. Qf2 Nd7 21. g5 {Versucht Nutzen aus der Schwerfigurenbatterie in der
f-Linie zu ziehen; da Schwarz kaum aktive Möglichkeiten besaß, gefällt mir ein
langsames Vorgehen besser.} hxg5 22. fxg5 Rf8 $1 {Nun bekommt der schwarze
Figurenhaufen konkrete Aufgaben.} (22... fxg5 $2 23. Nxg5 $16) 23. Qg3 (23.
gxf6 Bxf6) 23... fxg5 24. Bc1 Qb8 25. Nxg5 Qxg3 26. hxg3 Rae8 27. Bh3 Bxg5 28.
Bxg5 Bh5 29. Rxf8+ Nxf8 30. Rf1 b6 31. Kg2 Bf7 32. Bf4 e5 33. Bg5 Nh7 34. Bd7
$4 {Was mag Kacheishvili sich hierbei gedacht haben ?} (34. Bd2 Be6 35. Bxe6+
Rxe6 $11 {riecht nach Remis.}) 34... Nxg5 35. Bxe8 Bxe8 {Die einzige Hoffnung
von Weiß (auf ein Remis!) ist der geschlossene Charakter der Stellung.} 36. g4
(36. Rf5 Nf7 $19) 36... Bd7 37. Kg3 Be6 38. Kh4 Nf7 39. g5 Nd8 40. g6 Nc6 41.
Rf2 Nb4 42. Kg5 Na2 43. Rf3 Nc3 44. Rf1 Ne2 45. Rf2 Nf4 46. Rf1 Kf8 47. Rh1 Bh3
48. Kh4 Bg2 49. Rh2 Ke7 50. Kg5 Bh3 51. Rh1 Kd6 52. Rh2 c4 $1 53. bxc4 (53.
dxc4 Ke6 $19) 53... Bd7 54. Rh1 Ne6+ 55. Kf5 Nc5+ 56. Kg5 Bxa4 57. Rb1 Kc7 58.
Kf5 Bxc2 59. Rh1 Bxd3 60. Rh7 Bxc4 61. Rxg7+ Kd6 0-1

[Event "URS-ch58"]
[Site "Moscow"]
[Date "1991.??.??"]
[Round "7"]
[White "Vaganian, Rafael A"]
[Black "Meister, Jakob"]
[Result "1-0"]
[WhiteElo "2585"]
[BlackElo "2430"]
[Annotator "Horn,Pe"]
[PlyCount "93"]
[EventDate "1991.11.??"]
[EventType "swiss"]
[EventRounds "11"]
[EventCountry "URS"]
[SourceTitle "URS-ch"]
[Source "ChessBase"]
[SourceDate "1999.07.01"]
[SourceVersion "1"]
[SourceVersionDate "1999.07.01"]
[SourceQuality "1"]

1. Nf3 d5 2. g3 Nf6 3. Bg2 Bf5 4. O-O e6 5. d3 Be7 6. Nbd2 h6 7. e3 O-O 8. Qe2
Bh7 9. e4 c5 10. Ne5 $1 Nbd7 11. f4 (11. Nxd7 Qxd7 12. e5 Ne8 13. f4 (13. Nf3
Nc7 {Gutman-Dworetzki, URS 1979} 14. Bf4 $14) 13... Nc7 14. Nf3 d4 (14... Qb5
15. c4 Qd7 $10 {Vasiukov-Capelan, Vrsac 1987}) 15. Nd2 Nd5 16. Ne4 $10 {
Podgaez-Ubilava, URS-ch 1983}) 11... dxe4 $6 {N} (11... c4 $5 12. Nxd7 Qxd7 13.
e5 (13. dxc4 dxe4 $10) 13... cxd3 14. cxd3 Ne8 15. Nb3 Nc7 $13 {Leski-Adianto,
San Francisco 1987}) 12. Nxd7 Qxd7 (12... exd3 13. Nxf6+ Bxf6 14. Qf3 (14. cxd3
Bxd3 15. Qf3 Bxf1 16. Nxf1) 14... dxc2 $13) 13. dxe4 Rac8 {/\ c4} 14. Kh1 c4
15. Nb1 $1 Rfd8 16. Nc3 Bb4 17. Rd1 Qe8 18. Bd2 b6 19. a3 Bc5 20. Be1 Bd4 21.
g4 Kh8 (21... g5 $2 22. fxg5 hxg5 23. Rxd4 Rxd4 24. Qe3 $18) 22. Bf3 Ng8 23.
Rd2 Ne7 24. Rad1 Bxc3 25. Rxd8 Rxd8 26. Bxc3 Rxd1+ 27. Qxd1 Ng6 28. Qd4 $1 $18
e5 29. fxe5 Qe6 30. Kg1 Nf4 31. Qd8+ Bg8 32. Kf2 Qc6 33. h4 b5 34. Qd6 Qc8 35.
Ke3 Ne6 36. Ba5 Bh7 37. Qe7 Bg8 38. Qxa7 Nf8 39. Qc7 Qa6 40. Qb6 Qa8 41. Qxb5
Ng6 42. h5 Nf8 43. Bb6 Ne6 44. a4 Ng5 45. a5 Qc8 46. a6 Bh7 47. a7 1-0

[Event "FIDE-Wch k.o."]
[Site "Groningen"]
[Date "1997.12.10"]
[Round "1.4"]
[White "Anastasian, Ashot"]
[Black "Seirawan, Yasser"]
[Result "0-1"]
[WhiteElo "2545"]
[BlackElo "2630"]
[Annotator "Horn,Pe"]
[PlyCount "86"]
[EventDate "1997.12.09"]
[EventType "k.o."]
[EventRounds "7"]
[EventCountry "NED"]
[SourceTitle "CBM 063"]
[Source "ChessBase"]
[SourceDate "1998.03.26"]
[SourceVersion "1"]
[SourceVersionDate "1998.03.26"]
[SourceQuality "1"]

1. Nf3 Nf6 2. g3 d5 3. Bg2 c6 4. O-O Bg4 5. d3 Nbd7 6. Nbd2 e5 7. e4 Bd6 8. h3
Bxf3 (8... Bh5 9. exd5 (9. Qe1 O-O 10. Nh4) 9... cxd5 10. c4 O-O 11. cxd5 Nxd5
12. Qb3 $16 {Vaganian hat in mehreren Partien gezeigt, daß die schwarze
Stellung schon sehr schwierig ist.}) 9. Qxf3 (9. Nxf3 O-O 10. Re1 Re8 11. c3 a5
12. Qc2 Qc7 13. Bd2 Bf8 14. Re2 dxe4 15. dxe4 b5 16. Bf1 Nc5 17. b4 Ne6 18.
Ree1 axb4 19. cxb4 Ra3 20. Bc3 $14 {Smejkal,J-Palatnik,S/Hradec/Kralove 1981})
9... O-O 10. exd5 $146 (10. b3 $5 {[%cal Yc1b2]}) (10. Rd1 Re8 11. Nf1 d4 12.
c3 c5 13. a4 a6 14. h4 b5 15. Bd2 Qe7 16. Bh3 Reb8 17. axb5 axb5 18. Bg5 Rxa1
19. Rxa1 h6 $11 {Damljanovic,B-Kosic,D/Podgorica/1993}) (10. Qe2 Re8 11. b3 a5
12. a3 Qb6 13. Rb1 Nf8 14. exd5 Nxd5 15. Bb2 Qd8 16. Nc4 Bc7 17. Rfe1 $14 {
Starosek,K-Burmakin,V/RUS-Cup3 Omsk/1996}) 10... Nxd5 11. Re1 Re8 12. Nc4 Bc7
13. Bd2 $14 {Weiß hat angesichts des Läuferpaars das bequemere Spiel.Wenn er
angesichts der soliden schwarzen Stellung zum Erfolg kommen will, muß er
irgendwann Spiel auf der Diagonalen h1-a8 finden.} N5b6 14. Na5 Rb8 15. b4 Nf6
16. Nb3 Nbd7 17. Rad1 {[%cal Yc2c4,Yd2c3]} Bd6 18. c4 {Damit ist das erste
strategische Teilziel erreicht: der Nd5 muß weichen. Danach findet der bislang
passive Bd2 auf c3 einen Idealposten.} Qc7 19. Bc3 Bf8 20. a3 g6 21. Qe2 {
Weiß hat es nicht eilig, da Schwarz wenig unternehmen kann.} (21. d4 $5 exd4 (
21... e4 22. Qe3 $14 (22. Qe2 e3 23. Rd3)) 22. Bxd4 Rxe1+ 23. Rxe1 Re8 24. Rxe8
Nxe8 $14) 21... Re6 22. Qc2 Rbe8 23. d4 {Stellt Schwarz vor eine schwierige
Wahl.} exd4 (23... e4 $6 {Der Pe4 ist eher schwach.} 24. Nc5 (24. Bd2) 24...
Bxc5 25. dxc5 e3 26. Bd4 $16) 24. Rxe6 Rxe6 25. Nxd4 Re8 26. Bd2 Nh5 27. Bc1
Bg7 28. Ne2 Ne5 29. Be3 a5 30. Qb3 axb4 31. axb4 Rd8 32. Rxd8+ Qxd8 33. b5 $1 (
33. f4 Nd7 (33... Qd3 34. Qxd3 Nxd3 35. g4 Nf6 36. b5 $16) (33... Nd3 34. b5
$16) 34. g4 Nhf6 35. b5 $36) 33... Qa5 34. Nd4 $2 {Ab hier habe ich den
Eindruck, daß Weiß seine (schöne) Stellung nicht richtig nutzt. Vermutlich war
hier Zeitnot im Spiel.} (34. bxc6 $142 bxc6 35. Nd4 $16) 34... c5 35. Nf3 b6
36. Qd1 $2 (36. Kh2 $14) 36... Nxc4 37. Qd8+ Bf8 38. Bh6 Ng7 39. Kh2 $2 {
Erst mit diesem Zug wirft Weiß die Partie endgültig weg.} (39. Ng5 $1 Nd6 (
39... Qxb5 $2 40. Ne4 $16) 40. Nxh7 $13) 39... Qxb5 $19 40. Ng5 Qe8 41. Qf6 Nh5
42. Qc3 Bxh6 43. Ne4 b5 0-1

[Event "Lisbon zt"]
[Site "Lisbon"]
[Date "1993.??.??"]
[Round "3"]
[White "Fernandes, Antonio ETG"]
[Black "Silva, Fernando"]
[Result "1-0"]
[WhiteElo "2455"]
[BlackElo "2335"]
[Annotator "Horn,Pe"]
[PlyCount "75"]
[EventDate "1993.03.??"]
[EventType "tourn"]
[EventRounds "11"]
[EventCountry "POR"]
[EventCategory "7"]
[SourceTitle "CBM 035"]
[Source "ChessBase"]
[SourceDate "1993.08.01"]
[SourceVersion "1"]
[SourceVersionDate "1993.08.01"]
[SourceQuality "1"]

1. Nf3 d5 2. g3 c6 3. Bg2 Nf6 4. O-O Bg4 5. d3 e6 6. Nbd2 Be7 7. c3 O-O 8. Qc2
Nbd7 9. Re1 $146 (9. h3 Bxf3 $6 10. Nxf3 $14 {Tischer-Backwinkel/BL/1986}) 9...
Bh5 10. h3 h6 (10... a5 $5) 11. Nf1 Re8 $6 12. Bd2 a5 13. Rad1 Bg6 14. e4 dxe4
15. dxe4 Qb6 $6 (15... Qc7) 16. Bf4 Rad8 17. Ne5 Nxe5 18. Bxe5 Rxd1 19. Rxd1
Rd8 20. Nd2 Bc5 $2 (20... Nd7 21. Bd4 Qc7 $13) 21. Kh2 $1 Qa7 (21... Bxf2 $4
22. Nc4 $18) (21... Nd7 $2 22. Nc4) 22. f4 Be7 23. Bd4 Bc5 (23... Qa8 $5) 24.
Bxf6 $1 gxf6 25. Nc4 Rxd1 26. Qxd1 Kg7 (26... b5 $2 27. Qd8+ Kg7 28. Nxa5 Bb6
29. Nxc6 $18) 27. Qf3 b5 28. Nd2 Bg1+ 29. Kh1 Be3 30. Nf1 Bc1 31. f5 exf5 32.
exf5 Bh7 33. b3 Qd7 34. g4 {Completing the cage} c5 35. Ng3 Bg5 36. Nh5+ Kh8
37. Qa8+ Bg8 38. Qf8 1-0